| 000 | 00908nam a22002655a 4500 | ||
|---|---|---|---|
| 005 | 20150823114808.0 | ||
| 008 | 100913r20061982ii a|||fr|||| 001 0 eng d | ||
| 020 | _a8121900034 | ||
| 020 | _a9788121900034 | ||
| 040 |
_aEG-ScBUE _beng _cEG-ScBUE |
||
| 082 | 0 | 4 |
_a620.136 _bSHE _222 |
| 100 | 1 |
_aShetty, M. S. _918864 |
|
| 245 | 1 | 0 |
_aConcrete technology : _btheory and practice / _cM .S. Shetty. |
| 260 |
_aNew Delhi : _bS.Chand & Company, _c2006. |
||
| 300 |
_axxxii, 624 p. : _bill. (col.) ; _c25 cm. |
||
| 500 | _aInclude indexes. | ||
| 504 | _aInclude bibliographical references. | ||
| 590 | _ayassmeen ashraf | ||
| 650 | 0 |
_aPavements, Concrete--Testing. _918865 _2BUEsh |
|
| 650 | 0 |
_aBridges, Concrete--Floors--Testing. _918866 _2BUEsh |
|
| 650 | 0 |
_aPavements, Reinforced concrete--Testing. _918867 _2BUEsh |
|
| 651 | _2BUEsh | ||
| 653 |
_bENGGEN _bENGCIV _cAugust2015 |
||
| 942 |
_cBB _k620.136 SHE _2ddc |
||
| 999 |
_c2898 _d2898 |
||